000 01372nam a2200349 a 4500
001 25497
003 CO-ViMGA
005 20230915232101.0
008 141112s2004 ck r 000 u spa d
015 _ack - 2013 - xxxx
020 _a9789588371924
040 _aCO-ViMGA
_bspa
_cCO-ViMGA
041 _aspa
043 _as - ck - - -
045 _ay1y1
082 0 4 _a347.4 C41e
100 1 _aChavarro Cadena, Jorge Enrique
_938927
110 _aColombia.
_938928
240 _aLeyes, etc.
245 1 0 _aEstatuto del consumidor :
_bcomentarios, concordancias, doctrina, jurisprudencia /
_cJorge Enrique Chavarro Cadena.
250 _aEdición académica.
260 _aBogotá :
_bGrupo Editorial Nueva Legislación,
_c2013.
300 _axiii, 118 p. ; 22 cm.
650 1 4 _aConsumidores - - Legislación - - Colombia
_938929
650 1 4 _aControl de precios - - Legislación - - Colombia .
_938930
650 1 4 _aLey 1480 de 2011
_938931
650 1 4 _aProtección del consumidor - - Colombia - - Preguntas y respuestas
_938932
650 1 4 _aProtección del consumidor - - Legislación - - Colombia
_925617
700 1 _aChavarro Cadena, Jorge Enrique.
_938927
942 _2ddc
_cBK
999 _c33082
_d33082